Normal view
MARC view
Entry Personal Name
001 - CONTROL NUMBER
- control field: 28251
003 - CONTROL NUMBER IDENTIFIER
- control field: OSt
005 - DATE AND TIME OF LATEST TRANSACTION
- control field: 20230721140740.0
008 - FIXED-LENGTH DATA ELEMENTS
- fixed length control field: 230721|| aca||aabn | a|a d
040 ## - CATALOGING SOURCE
- Original cataloging agency: OSt
- Transcribing agency: OSt
100 ## - HEADING--PERSONAL NAME
- Personal name: ခွန်နွယ်၊
- Titles and other words associated with a name: မောင်၊
- Miscellaneous information: (အင်းလေး)။
670 ## - SOURCE DATA FOUND
- Source citation: Work cat.: (OSt): ခွန်နွယ်၊ မောင်၊ (အင်းလေး)။, ပအိုဝ်း /, ၁၉၉၂။